Semiconductor Lasers (Запис № 450869)

МАРК-запис
000 -LEADER
fixed length control field 05795nam a22007215i 4500
001 - CONTROL NUMBER
control field 978-3-319-56138-7
003 - CONTROL NUMBER IDENTIFIER
control field DE-He213
005 - DATE AND TIME OF LATEST TRANSACTION
control field 20210118142828.0
007 - PHYSICAL DESCRIPTION FIXED FIELD--GENERAL INFORMATION
fixed length control field cr nn 008mamaa
008 - FIXED-LENGTH DATA ELEMENTS--GENERAL INFORMATION
fixed length control field 170505s2017 gw | s |||| 0|eng d
020 ## - INTERNATIONAL STANDARD BOOK NUMBER
International Standard Book Number 9783319561387
-- 978-3-319-56138-7
024 7# - OTHER STANDARD IDENTIFIER
Standard number or code 10.1007/978-3-319-56138-7
Source of number or code doi
050 #4 - LIBRARY OF CONGRESS CALL NUMBER
Classification number QC350-467
050 #4 - LIBRARY OF CONGRESS CALL NUMBER
Classification number QC630-648
072 #7 - SUBJECT CATEGORY CODE
Subject category code PHJ
Source bicssc
072 #7 - SUBJECT CATEGORY CODE
Subject category code SCI021000
Source bisacsh
072 #7 - SUBJECT CATEGORY CODE
Subject category code PHJ
Source thema
072 #7 - SUBJECT CATEGORY CODE
Subject category code PHK
Source thema
082 04 - DEWEY DECIMAL CLASSIFICATION NUMBER
Classification number 535.2
Edition number 23
082 04 - DEWEY DECIMAL CLASSIFICATION NUMBER
Classification number 537.6
Edition number 23
100 1# - MAIN ENTRY--PERSONAL NAME
Personal name Ohtsubo, Junji.
Relator term author.
Relator code aut
-- http://id.loc.gov/vocabulary/relators/aut
245 10 - TITLE STATEMENT
Title Semiconductor Lasers
Medium [electronic resource] :
Remainder of title Stability, Instability and Chaos /
Statement of responsibility, etc by Junji Ohtsubo.
250 ## - EDITION STATEMENT
Edition statement 4th ed. 2017.
264 #1 -
-- Cham :
-- Springer International Publishing :
-- Imprint: Springer,
-- 2017.
300 ## - PHYSICAL DESCRIPTION
Extent XXV, 666 p. 331 illus., 97 illus. in color.
Other physical details online resource.
336 ## -
-- text
-- txt
-- rdacontent
337 ## -
-- computer
-- c
-- rdamedia
338 ## -
-- online resource
-- cr
-- rdacarrier
347 ## -
-- text file
-- PDF
-- rda
490 1# - SERIES STATEMENT
Series statement Springer Series in Optical Sciences,
Міжнародний стандартний серійний номер для назви серії (ISSN) 0342-4111 ;
Том/ позначення послідовності 111
505 0# - FORMATTED CONTENTS NOTE
Formatted contents note Introduction -- Chaos in Laser Systems -- Semiconductor Lasers and Theory -- Theory of Optical Feedback in Semiconductor Lasers -- Dynamics of Semiconductor Lasers with Optical Feedback -- Dynamics in Semiconductor Lasers with Optical Injection -- Dynamics of Semiconductor Lasers with Optoelectronic Feedback and Modulation -- Instability and Chaos in Various Laser Structures -- Chaos Control and Applications -- Stabilization of Semiconductor Lasers -- Metrology Based on Chaotic Semiconductor Lasers -- Chaos Synchronization in Semiconductor Lasers -- Chaotic Communications in Semiconductor Lasers -- Coupled Semiconductor Laser Networks and Synchronization -- Physical Random Number Generations and Photonic Integrated Circuits for Chaotic Generators.
520 ## - SUMMARY, ETC.
Summary, etc This book describes the fascinating recent advances made concerning the chaos, stability and instability of semiconductor lasers, and discusses their applications and future prospects in detail. It emphasizes the dynamics in semiconductor lasers by optical and electronic feedback, optical injection, and injection current modulation. Applications of semiconductor laser chaos, control and noise, and semiconductor lasers are also demonstrated. Semiconductor lasers with new structures, such as vertical-cavity surface-emitting lasers and broad-area semiconductor lasers, are intriguing and promising devices. Current topics include fast physical number generation using chaotic semiconductor lasers for secure communication, development of chaos, quantum-dot semiconductor lasers and quantum-cascade semiconductor lasers, and vertical-cavity surface-emitting lasers. This fourth edition has been significantly expanded to reflect the latest developments. The fundamental theory of laser chaos and the chaotic dynamics in semiconductor lasers are discussed, but also for example the method of self-mixing interferometry in quantum-cascade lasers, which is indispensable in practical applications. Further, this edition covers chaos synchronization between two lasers and the application to secure optical communications. Another new topic is the consistency and synchronization property of many coupled semiconductor lasers in connection with the analogy of the dynamics between synaptic neurons and chaotic semiconductor lasers, which are compatible nonlinear dynamic elements. In particular, zero-lag synchronization between distant neurons plays a crucial role for information processing in the brain. Lastly, the book presents an application of the consistency and synchronization property in chaotic semiconductor lasers, namely a type of neuro-inspired information processing referred to as reservoir computing.
506 ## - RESTRICTIONS ON ACCESS NOTE
Terms governing access Available to subscribing member institutions only. Доступно лише організаціям членам підписки.
506 ## - RESTRICTIONS ON ACCESS NOTE
Standardized terminology for access restriction Online access from local network of NaUOA.
506 ## - RESTRICTIONS ON ACCESS NOTE
Standardized terminology for access restriction Online access with authorization at https://link.springer.com/
506 ## - RESTRICTIONS ON ACCESS NOTE
Standardized terminology for access restriction Онлайн-доступ з локальної мережі НаУОА.
506 ## - RESTRICTIONS ON ACCESS NOTE
Standardized terminology for access restriction Онлайн доступ з авторизацією на https://link.springer.com/
650 #0 - SUBJECT ADDED ENTRY--TOPICAL TERM
Topical term or geographic name as entry element Optics.
650 #0 - SUBJECT ADDED ENTRY--TOPICAL TERM
Topical term or geographic name as entry element Electrodynamics.
650 #0 - SUBJECT ADDED ENTRY--TOPICAL TERM
Topical term or geographic name as entry element Semiconductors.
650 #0 - SUBJECT ADDED ENTRY--TOPICAL TERM
Topical term or geographic name as entry element Microwaves.
650 #0 - SUBJECT ADDED ENTRY--TOPICAL TERM
Topical term or geographic name as entry element Optical engineering.
650 #0 - SUBJECT ADDED ENTRY--TOPICAL TERM
Topical term or geographic name as entry element Atoms.
650 #0 - SUBJECT ADDED ENTRY--TOPICAL TERM
Topical term or geographic name as entry element Physics.
650 #0 - SUBJECT ADDED ENTRY--TOPICAL TERM
Topical term or geographic name as entry element Lasers.
650 #0 - SUBJECT ADDED ENTRY--TOPICAL TERM
Topical term or geographic name as entry element Photonics.
650 14 - SUBJECT ADDED ENTRY--TOPICAL TERM
Topical term or geographic name as entry element Classical Electrodynamics.
-- http://scigraph.springernature.com/things/product-market-codes/P21070
650 24 - SUBJECT ADDED ENTRY--TOPICAL TERM
Topical term or geographic name as entry element Semiconductors.
-- http://scigraph.springernature.com/things/product-market-codes/P25150
650 24 - SUBJECT ADDED ENTRY--TOPICAL TERM
Topical term or geographic name as entry element Microwaves, RF and Optical Engineering.
-- http://scigraph.springernature.com/things/product-market-codes/T24019
650 24 - SUBJECT ADDED ENTRY--TOPICAL TERM
Topical term or geographic name as entry element Atoms and Molecules in Strong Fields, Laser Matter Interaction.
-- http://scigraph.springernature.com/things/product-market-codes/P24025
650 24 - SUBJECT ADDED ENTRY--TOPICAL TERM
Topical term or geographic name as entry element Optics, Lasers, Photonics, Optical Devices.
-- http://scigraph.springernature.com/things/product-market-codes/P31030
710 2# - ADDED ENTRY--CORPORATE NAME
Corporate name or jurisdiction name as entry element SpringerLink (Online service)
773 0# - HOST ITEM ENTRY
Title Springer eBooks
776 08 - ADDITIONAL PHYSICAL FORM ENTRY
Display text Printed edition:
International Standard Book Number 9783319561370
776 08 - ADDITIONAL PHYSICAL FORM ENTRY
Display text Printed edition:
International Standard Book Number 9783319561394
776 08 - ADDITIONAL PHYSICAL FORM ENTRY
Display text Printed edition:
International Standard Book Number 9783319858364
830 #0 - SERIES ADDED ENTRY--UNIFORM TITLE
Uniform title Springer Series in Optical Sciences,
-- 0342-4111 ;
Volume number/sequential designation 111
856 40 - ELECTRONIC LOCATION AND ACCESS
Uniform Resource Identifier <a href="https://doi.org/10.1007/978-3-319-56138-7">https://doi.org/10.1007/978-3-319-56138-7</a>
912 ## -
-- ZDB-2-PHA
942 ## - ADDED ENTRY ELEMENTS (KOHA)
Koha item type ЕКнига

Немає доступних примірників.